000
00308nam a2200121Ia 4500
005
20251028132505.0
008
251020t2017||||xx |||||||||||||| ||spa||
041
_a
spa
100
_a
Wilenmann, Javier
245
0
_a
La justificación de un delito en situaciones de necesidad
260
_c
2017
942
_C
LB
_c
LB
999
_c
3067
_d
3067